Statistics for Geometry Dash Community Knowledge

Click here to take the quiz!

General Stats

  • This quiz has been taken 23 times
  • The average score is 13 of 20

Answer Stats

HintAnswer% Correct
The creator of GDRobTop
100%
The triple spike godMichigun
90%
The player who likes copy & pasteViprin
85%
The sequelBloodbath
80%
The sequel's remakeBloodlust
80%
The first demon in the gameDemon Park
80%
The easiest demon (3 variants, enter any)The Nightmare, The Lightning Road, Demon Mixed
80%
The original hell demonCataclysm
75%
The biggest GD youtuber (excluding RobTop)GuitarHeroStyles
75%
The verifier of YatagarasuTrusta
75%
The hardest demon (March 2019)Zodiac
75%
The creator of the Alter Game seriesSerponge
70%
The real object limit (GD 2.11)80000
50%
The player with the most starsShaggy23
50%
The dumb russian hackerWarGack
50%
The actual creator of Death MoonFunnyGame
45%
The sequel to GammaSigma
35%
The ultimate hackerAnaban
30%
The creator of 18 remakesNeptune
25%
The player with the most demons (March 2019)Superchat
10%

Score Distribution

Percentile by Number Answered

Percent of People with Each Score

Your Score History

You have not taken this quiz